Science Quiz

Random Science or Puzzle Quiz

Cryptogram Map: Scientists Quiz Stats

 Plays Quiz Updated Jul 21, 2018

Score 0/100 Timer 03:00
14 Plays Today
% Correct
E 
95.5%
E 
95.5%
E 
95%
E 
94.6%
E 
94.5%
A 
94.5%
E 
93.7%
T 
93.7%
E 
93.6%
E 
93.6%
E 
93.6%
S 
93.5%
A 
93.5%
A 
93.5%
A 
93.3%
A 
93.3%
A 
93.3%
A 
93.3%
A 
93.2%
E 
93.2%
I 
93.2%
I 
93.2%
A 
93.2%
A 
93.2%
A 
93.1%
T 
93%
A 
93%
T 
92.6%
L 
92.5%
S 
92.5%
I 
92.1%
O 
92.1%
T 
91.7%
T 
91.6%
% Correct
T 
91.5%
L 
91.5%
L 
91.5%
S 
91.5%
I 
91.4%
I 
91.4%
T 
91.4%
I 
91.2%
L 
91.2%
S 
91.2%
L 
91.2%
L 
91.1%
O 
91%
L 
91%
L 
91%
N 
90.7%
N 
90.7%
O 
90.6%
O 
90.6%
O 
90.4%
N 
90%
N 
90%
N 
88.5%
N 
88.3%
R 
87.5%
P 
87.1%
R 
86.9%
C 
86.8%
P 
86.8%
U 
86.8%
R 
86.7%
P 
86.7%
R 
86.7%
R 
86.5%
% Correct
R 
86.4%
R 
86.4%
R 
86.4%
R 
86.4%
C 
86%
C 
86%
U 
85.9%
C 
85.8%
U 
85.7%
C 
85.6%
H 
85.3%
W 
85.1%
H 
84.9%
H 
84.9%
H 
84.9%
G 
84.5%
G 
84.2%
W 
83.3%
W 
82.9%
K 
82.3%
K 
82.2%
K 
81.8%
F 
76.8%
F 
76.4%
V 
76.2%
D 
75.6%
D 
75.3%
B 
73.8%
Z 
72.6%
Y 
64.1%
M 
55.2%
X 
53.8%

You're not logged in!

Compare scores with friends on all Sporcle quizzes.
Join for Free
OR
Log In

You Might Also Like...

Show Comments

Extras

Top Quizzes Today


Score Distribution

Your Account Isn't Verified!

In order to create a playlist on Sporcle, you need to verify the email address you used during registration. Go to your Sporcle Settings to finish the process.

Report this User

Report this user for behavior that violates our Community Guidelines.

Details: